000
00327 a2200157 4500
001
180964
020
_a
040
_c
Magnum
100
_a
Palombo, Sergio
240
1
0
_a
Deus pertinho/5 serie
_l
por
245
1
0
_a
Deus pertinho/5 serie
362
0
_a
1899
440
1
_a
Ática
697
_a
MAGNITO: RELIGIAO
942
_c
BK
999
_c
180964
_d
180964